C# 4.0: (Record no. 192485)
[ view plain ]
| 000 -LEADER | |
|---|---|
| fixed length control field | 00789nam a2200241Ia 4500 |
| 003 - CONTROL NUMBER IDENTIFIER | |
| control field | OSt |
| 005 - DATE AND TIME OF LATEST TRANSACTION | |
| control field | 20241001122610.0 |
| 008 - FIXED-LENGTH DATA ELEMENTS--GENERAL INFORMATION | |
| fixed length control field | 210716s2011 xx 000 0 und d |
| 020 ## - INTERNATIONAL STANDARD BOOK NUMBER | |
| International Standard Book Number | 9788184049459 |
| 040 ## - CATALOGING SOURCE | |
| Transcribing agency | AIMIT LIBRARY |
| 041 ## - LANGUAGE CODE | |
| Language code of text/sound track or separate title | eng |
| 082 ## - DEWEY DECIMAL CLASSIFICATION NUMBER | |
| Classification number | 005.1332 |
| Edition number | 4 |
| Item number | ALBJ |
| 100 ## - MAIN ENTRY--PERSONAL NAME | |
| Personal name | Albahari, Joseph. |
| 9 (RLIN) | 181039 |
| 245 ## - TITLE STATEMENT | |
| Title | C# 4.0: |
| Remainder of title | in a nutshell / |
| Statement of responsibility, etc. | By Joseph Albahari and Ben Albahari. |
| 250 ## - EDITION STATEMENT | |
| Edition statement | 4th ed. |
| 260 ## - PUBLICATION, DISTRIBUTION, ETC. | |
| Place of publication, distribution, etc. | New Delhi : |
| Name of publisher, distributor, etc. | Shroff Publishers and Distributors Pvt Ltd ; |
| Date of publication, distribution, etc. | 2011. |
| 300 ## - PHYSICAL DESCRIPTION | |
| Extent | xviii,1025,21p. ; |
| Other physical details | PB |
| Dimensions | 23 cm. |
| 650 ## - SUBJECT ADDED ENTRY--TOPICAL TERM | |
| Topical term or geographic name entry element | Framework fundamentals |
| 9 (RLIN) | 181040 |
| 650 ## - SUBJECT ADDED ENTRY--TOPICAL TERM | |
| Topical term or geographic name entry element | Diagnostics and code contracts |
| 9 (RLIN) | 181041 |
| 650 ## - SUBJECT ADDED ENTRY--TOPICAL TERM | |
| Topical term or geographic name entry element | Native and COM interoperability |
| 9 (RLIN) | 181042 |
| 700 ## - ADDED ENTRY--PERSONAL NAME | |
| Personal name | Albahari, Ben. |
| 9 (RLIN) | 181043 |
| 942 ## - ADDED ENTRY ELEMENTS (KOHA) | |
| Source of classification or shelving scheme | Dewey Decimal Classification |
| Koha item type | Book |
| Edition | 4th ed. |
| Call number prefix | 005.1332 ALBJ |
| Withdrawn status | Lost status | Source of classification or shelving scheme | Damaged status | Not for loan | Collection code | Home library | Current library | Source of acquisition | Cost, normal purchase price | Inventory number | Total Checkouts | Full call number | Barcode | Date last seen | Cost, replacement price | Price effective from | Koha item type |
|---|---|---|---|---|---|---|---|---|---|---|---|---|---|---|---|---|---|
| Dewey Decimal Classification | MCA | St Aloysius Institute of Management & Information Technology | St Aloysius Institute of Management & Information Technology | Knowledge World | 725.00 | Bill no:16/12-13; Bill dt:2012-0 | 005.1332 ALBJ | MCA11993 | 07/21/2025 | 543.75 | 07/16/2021 | Book |